<?xml version="1.0" encoding="UTF-8"?>
<record
    xmlns:xsi="http://www.w3.org/2001/XMLSchema-instance"
    xsi:schemaLocation="http://www.loc.gov/MARC21/slim http://www.loc.gov/standards/marcxml/schema/MARC21slim.xsd"
    xmlns="http://www.loc.gov/MARC21/slim">

  <leader>02540nam a2200301 i 4500</leader>
  <controlfield tag="003">DO-SdBNP</controlfield>
  <controlfield tag="005">20250407110542.0</controlfield>
  <controlfield tag="007">ta</controlfield>
  <controlfield tag="008">250407b2024    dr a|||| |||| 00| 0 spa d</controlfield>
  <datafield tag="020" ind1=" " ind2=" ">
    <subfield code="a">9789993450184</subfield>
  </datafield>
  <datafield tag="040" ind1=" " ind2=" ">
    <subfield code="a">DO-SdBNP</subfield>
    <subfield code="b">spa</subfield>
    <subfield code="c">BNPHU</subfield>
    <subfield code="e">rda</subfield>
  </datafield>
  <datafield tag="041" ind1=" " ind2=" ">
    <subfield code="a">spa </subfield>
  </datafield>
  <datafield tag="082" ind1=" " ind2="4">
    <subfield code="a">xxx</subfield>
    <subfield code="b">B142de</subfield>
    <subfield code="2">22</subfield>
  </datafield>
  <datafield tag="100" ind1="1" ind2=" ">
    <subfield code="a">Ba&#xE9;z Evertsz, Carlos Julio</subfield>
    <subfield code="e">autor</subfield>
    <subfield code="4">aut.</subfield>
    <subfield code="9">46288</subfield>
  </datafield>
  <datafield tag="245" ind1="1" ind2="0">
    <subfield code="a">Desigualdad y clases sociales :</subfield>
    <subfield code="b">de la sociedad industrial al poscapitalismo /</subfield>
    <subfield code="c">Carlos Julio B&#xE1;ez Evertsz ; pr&#xF3;logo, Josefina Zaiter.</subfield>
  </datafield>
  <datafield tag="250" ind1=" " ind2=" ">
    <subfield code="a">Primera edici&#xF3;n</subfield>
  </datafield>
  <datafield tag="264" ind1=" " ind2=" ">
    <subfield code="a">Santo Domingo, Rep&#xFA;blica Dominicana :</subfield>
    <subfield code="b">FLACSO Rep&#xFA;blica Dominicana, </subfield>
    <subfield code="c">2024.</subfield>
  </datafield>
  <datafield tag="300" ind1=" " ind2=" ">
    <subfield code="a">744 p&#xE1;ginas :</subfield>
    <subfield code="b">ilustraciones ;</subfield>
    <subfield code="c">24 cm. </subfield>
  </datafield>
  <datafield tag="336" ind1=" " ind2=" ">
    <subfield code="a">texto</subfield>
    <subfield code="b">txt</subfield>
    <subfield code="2">rdacontent</subfield>
  </datafield>
  <datafield tag="337" ind1=" " ind2=" ">
    <subfield code="a">sin mediaci&#xF3;n </subfield>
    <subfield code="b">n</subfield>
    <subfield code="2">rdamedia</subfield>
  </datafield>
  <datafield tag="338" ind1=" " ind2=" ">
    <subfield code="a">volumen</subfield>
    <subfield code="b">nc</subfield>
    <subfield code="2">rdacarrier</subfield>
  </datafield>
  <datafield tag="504" ind1=" " ind2=" ">
    <subfield code="a">Bibliograf&#xED;as: p&#xE1;ginas 731-744</subfield>
  </datafield>
  <datafield tag="505" ind1=" " ind2=" ">
    <subfield code="a">&#xCD;ndice de tablas y figuras 8 -- Pr&#xF3;logo 11 -- Prefacio 17 -- Agradecimientos 21 -- Introducci&#xF3;n 25 -- La desigualdad social hoy 29 -- Teor&#xED;as sociol&#xF3;gicas y econ&#xF3;micas sobre la desigualdad actual 49 -- Max Weber: Clase, estamentos, partidos 93 -- El funcionalismo 113 -- La teor&#xED;a de la estratificaci&#xF3;n social de parsons 141 -- Estratificaci&#xF3;n y desigualdad social: La teor&#xED;a de Davis y Moore 159 -- Indicadores funcionalistas de clase social 191 -- La teor&#xED;a ''Superadora'' de Dahrendorf 215 -- La teor&#xED;a sint&#xE9;tica de Lenski 233 -- Convergencia en la concepci&#xF3;n de la estructura de clases: Ossowski 243 -- La teor&#xED;a de las clases sociales de Marx 271 -- Teor&#xED;as Neomarxistas sobre las clases sociales: G. Carchedi 299 -- Teor&#xED;as Neomarxistas sobre las clases sociales: Poulantzas 343 -- Cr&#xED;ticas a las teor&#xED;as Neomarxistas sobre la nueva peque&#xF1;a burgues&#xED;a y la clase obrera 371 -- Teor&#xED;as Neomarxistas sobre las clases sociales: Wright 397 -- Teor&#xED;as y an&#xE1;lisis de clases Neoweberianos: Goldthorpe 423 -- Teor&#xED;as y an&#xE1;lisis de clases Neoweberianos: Giddens 441 --Teor&#xED;as y an&#xE1;lisis de clases Neoweberianos: Parkin 465 -- Los estudios culturales y la clase social: E. P. Thompson, Stuart Hall y Terry Eagleton 485 -- Culturalismo y an&#xE1;lisis de clase: Bourdieu 539 -- El fin de las clases 579 -- Posmarxismo y clases sociales: Laclau y Mouffe 611 -- Posmarxismo y clases sociales: Hardt y Negri 651 -- Conclusiones: Las clases en el siglo XXI 689 -- Referencias bibliogr&#xE1;ficas 731</subfield>
  </datafield>
  <datafield tag="590" ind1=" " ind2=" ">
    <subfield code="a">Inventariado, 2025 /LP</subfield>
  </datafield>
  <datafield tag="700" ind1="1" ind2=" ">
    <subfield code="a">Zaiter, Josefina,</subfield>
    <subfield code="e">prologuista</subfield>
    <subfield code="4">pr.</subfield>
    <subfield code="9">87368</subfield>
  </datafield>
  <datafield tag="910" ind1=" " ind2=" ">
    <subfield code="a">LP</subfield>
  </datafield>
  <datafield tag="942" ind1=" " ind2=" ">
    <subfield code="2">ddc</subfield>
    <subfield code="c">LBS1</subfield>
  </datafield>
  <datafield tag="952" ind1=" " ind2=" ">
    <subfield code="0">0</subfield>
    <subfield code="1">0</subfield>
    <subfield code="2">ddc</subfield>
    <subfield code="5">1</subfield>
    <subfield code="7">0</subfield>
    <subfield code="8">PD</subfield>
    <subfield code="a">BNPHU</subfield>
    <subfield code="b">BNPHU</subfield>
    <subfield code="c">CT</subfield>
    <subfield code="d">2025-04-07</subfield>
    <subfield code="e">Dep&#xF3;sito Legal </subfield>
    <subfield code="l">0</subfield>
    <subfield code="o">xxx B142de</subfield>
    <subfield code="p">2025-2767</subfield>
    <subfield code="r">2025-04-07</subfield>
    <subfield code="w">2025-04-07</subfield>
    <subfield code="y">LBS1</subfield>
  </datafield>
  <datafield tag="952" ind1=" " ind2=" ">
    <subfield code="0">0</subfield>
    <subfield code="1">0</subfield>
    <subfield code="2">ddc</subfield>
    <subfield code="5">1</subfield>
    <subfield code="7">0</subfield>
    <subfield code="8">PD</subfield>
    <subfield code="a">BNPHU</subfield>
    <subfield code="b">BNPHU</subfield>
    <subfield code="c">CT</subfield>
    <subfield code="d">2025-04-07</subfield>
    <subfield code="e">Dep&#xF3;sito Legal </subfield>
    <subfield code="l">0</subfield>
    <subfield code="o">xxx B142de</subfield>
    <subfield code="p">2025-2768</subfield>
    <subfield code="r">2025-04-07</subfield>
    <subfield code="t">e .2</subfield>
    <subfield code="w">2025-04-07</subfield>
    <subfield code="y">LBS1</subfield>
  </datafield>
  <datafield tag="952" ind1=" " ind2=" ">
    <subfield code="0">0</subfield>
    <subfield code="1">0</subfield>
    <subfield code="2">ddc</subfield>
    <subfield code="5">6</subfield>
    <subfield code="7">0</subfield>
    <subfield code="8">DS</subfield>
    <subfield code="a">BNPHU</subfield>
    <subfield code="b">BNPHU</subfield>
    <subfield code="c">CT</subfield>
    <subfield code="d">2025-04-07</subfield>
    <subfield code="e">Dep&#xF3;sito Legal </subfield>
    <subfield code="l">0</subfield>
    <subfield code="o">xxx B142de</subfield>
    <subfield code="p">2025-2769</subfield>
    <subfield code="r">2025-04-07</subfield>
    <subfield code="t">e. 3</subfield>
    <subfield code="w">2025-04-07</subfield>
    <subfield code="y">LBS1</subfield>
  </datafield>
  <datafield tag="999" ind1=" " ind2=" ">
    <subfield code="c">58635</subfield>
    <subfield code="d">58635</subfield>
  </datafield>
</record>
